[Event "Open Oberwart  2001"]
[Site "Oberwart (Burgenland/Austria)"]
[Date "2001.07.07"]
[Round "1"]
[White "Unger, Eva"]
[Black "Lendwai, Reinhard"]
[Result "0-1"]
[WhiteElo "2177"]
[BlackElo "2380"]
[PlyCount "116"]
[EventDate "2001.07.07"]

1. d4 d5 2. c4 c6 3. e3 Nf6 4. Nc3 g6 5. Nf3 Bg7 6. Bd3 O-O 7. O-O Bg4 8. h3
Bxf3 9. Qxf3 e6 10. Bd2 Nbd7 11. cxd5 exd5 12. Qd1 Re8 13. Qc2 Rc8 14. Rad1 Qe7
15. a3 Kh8 16. Rfe1 Ne4 17. Nxe4 dxe4 18. Be2 Nb6 19. Qb3 Nd5 20. Rc1 f5 21.
Bc4 Rcd8 22. Bxd5 Rxd5 23. Bb4 Qf7 24. Rc5 Red8 25. Rxd5 Rxd5 26. Qc2 g5 27.
Qe2 h6 28. Bc3 Kh7 29. Qc2 Kg8 30. Qe2 Rd8 31. Rc1 Qe6 32. Bb4 Rd5 33. Rc5 Rxc5
34. Bxc5 b6 35. Bb4 g4 36. hxg4 fxg4 37. Qa6 Qd7 38. Qc4+ Qd5 39. Qxd5+ cxd5
40. a4 Bf6 41. Bd6 a6 42. Kf1 Kf7 43. Ke2 Ke6 44. Bc7 b5 45. axb5 axb5 46. f3
exf3+ 47. gxf3 Kf5 48. b3 h5 49. Bg3 h4 50. fxg4+ Kxg4 51. Bd6 h3 52. Bh2 Bh4
53. Kf1 Bg3 54. Kg1 Bxh2+ 55. Kxh2 Kf3 56. Kxh3 Kxe3 57. Kg3 Kxd4 58. Kf4 58...
Kc3 {.} 0-1

[Event "Open Oberwart  2001"]
[Site "Oberwart (Burgenland/Austria)"]
[Date "2001.07.07"]
[Round "1"]
[White "Wallner, Joachim"]
[Black "Petrovic, Silvije"]
[Result "1/2-1/2"]
[WhiteElo "2369"]
[BlackElo "2175"]
[PlyCount "95"]
[EventDate "2001.07.07"]

1. e4 e6 2. d4 d5 3. Nd2 dxe4 4. Nxe4 Bd7 5. Nf3 Bc6 6. Bd3 Nd7 7. O-O Ngf6 8.
Ng3 Be7 9. Re1 O-O 10. c3 b6 11. Qe2 Bxf3 12. Qxf3 c5 13. Bd2 cxd4 14. cxd4 Nd5
15. a3 N7f6 16. Rad1 Qd7 17. Nh5 Nxh5 18. Qxh5 g6 19. Qf3 Rfd8 20. Bh6 Bf6 21.
Be4 Bh8 22. Bg5 Re8 23. h4 h5 24. Bf4 Rac8 25. Be5 Bg7 26. Re2 Red8 27. Bb1 Qe7
28. g3 Rd7 29. Ba2 Rcd8 30. Red2 Rc8 31. Re1 Rcd8 32. Bc4 Bxe5 33. dxe5 Qc5 34.
Ba2 Nc7 35. Rxd7 Rxd7 36. Qf6 Nd5 37. Qg5 Qd4 38. Rc1 Qg4 39. Qxg4 hxg4 40. Re1
Ne7 41. Re2 Rd1+ 42. Kg2 Nf5 43. Bb3 Rc1 44. Rd2 Re1 45. Bd1 Rxe5 46. Bxg4 Kg7
47. Bf3 Rc5 48. Be4 {.} 1/2-1/2

[Event "Open Oberwart  2001"]
[Site "Oberwart (Burgenland/Austria)"]
[Date "2001.07.07"]
[Round "1"]
[White "Kreindl, Helmut"]
[Black "Kiss, Attila"]
[Result "0-1"]
[WhiteElo "2169"]
[BlackElo "2361"]
[PlyCount "70"]
[EventDate "2001.07.07"]

1. Nf3 c5 2. g3 b6 3. Bg2 Bb7 4. c4 g6 5. O-O Bg7 6. Nc3 Nf6 7. b3 d5 8. cxd5
Nxd5 9. Bb2 Nc6 10. a3 O-O 11. Qc2 Nc7 12. Nd1 Nd4 13. Nxd4 Bxg2 14. Kxg2 cxd4
15. Rc1 Ne6 16. f3 Rc8 17. Qb1 Qd5 18. b4 Bh6 19. Qd3 Qa2 20. f4 Rxc1 21. Bxc1
Rc8 22. Bb2 f5 23. e4 dxe3 24. Qxe3 Kf7 25. Re1 Rc6 26. Re2 a5 27. Kf2 axb4 28.
axb4 Qd5 29. Nc3 Qc4 30. b5 30... Rd6 { } 31. d3 Rxd3 32. Qxb6 Bg7 33. Na4 Bd4+
34. Bxd4 Nxd4 35. Nb2 Rf3+ 0-1

[Event "Open Oberwart  2001"]
[Site "Oberwart (Burgenland/Austria)"]
[Date "2001.07.08"]
[Round "2"]
[White "Halser, Walter"]
[Black "Eingorn, Vereslav"]
[Result "0-1"]
[WhiteElo "2119"]
[BlackElo "2598"]
[PlyCount "140"]
[EventDate "2001.07.08"]

1. e4 c5 2. c3 Nf6 3. e5 Nd5 4. d4 cxd4 5. Nf3 e6 6. cxd4 d6 7. exd6 Bxd6 8.
Nc3 Nc6 9. Bd3 Nce7 10. O-O Bd7 11. Ne5 Bxe5 12. dxe5 Nxc3 13. bxc3 Bc6 14. c4
Qd4 15. Ba3 Qxe5 16. Qc2 Ng6 17. Rae1 Qc7 18. Bb2 O-O-O 19. Bxg6 hxg6 20. Be5
Qe7 21. Bg3 Rh5 22. Rd1 e5 23. Rxd8+ Qxd8 24. Rd1 Qa5 25. Rd2 Rh8 26. f3 Re8
27. h4 a6 28. c5 Qb4 29. Rd6 Kb8 30. Kh2 Ka8 31. Qc1 f6 32. Qe3 Rh8 33. Kg1
Qb1+ 34. Kh2 g5 35. Qd2 gxh4 36. Bf2 Rc8 37. Rd8 Qf5 38. Bxh4 Ka7 39. Bf2 g5
40. Qa5 Qh7+ 41. Kg1 Kb8 42. Qd2 Qc7 43. Rd6 Qe7 44. a3 Rf8 45. Bg3 Kc8 46. Bf2
Rd8 47. Rxd8+ Qxd8 48. Qxd8+ Kxd8 49. Be1 Kd7 50. Ba5 f5 51. Kf2 Ke6 52. Bd8 g4
53. fxg4 fxg4 54. g3 Kd5 55. Bc7 Kd4 56. Bd6 e4 57. Be7 Kc3 58. Bg5 Kb2 59. Ke3
Kxa3 60. Kf4 Kb4 61. Kxg4 Kxc5 62. Be3+ Kc4 63. Bb6 Kb5 64. Bd4 a5 65. Kf4 Kc4
66. Ke3 b5 67. g4 b4 68. g5 a4 69. g6 a3 70. g7 70... Bd5 {.} 0-1

[Event "Open Oberwart  2001"]
[Site "Oberwart (Burgenland/Austria)"]
[Date "2001.07.08"]
[Round "2"]
[White "Burmakin, Vladimir"]
[Black "Wolfram, Bernd"]
[Result "1-0"]
[WhiteElo "2593"]
[BlackElo "2121"]
[PlyCount "83"]
[EventDate "2001.07.08"]

1. d4 Nf6 2. g3 g6 3. Bg2 Bg7 4. e4 d6 5. Ne2 O-O 6. O-O Nbd7 7. Nbc3 Rb8 8. a4
a6 9. a5 e5 10. h3 b5 11. axb6 cxb6 12. Be3 Bb7 13. Nc1 Re8 14. d5 Nc5 15. Nd3
Nfd7 16. b4 Nxd3 17. cxd3 f5 18. Qd2 Qf6 19. Ne2 Rbc8 20. Rac1 Qf8 21. h4 h6
22. Bh3 Nf6 23. f3 b5 24. Bf2 Nh5 25. Bb6 Qf6 26. Kg2 Rxc1 27. Qxc1 Rc8 28. Qd2
Rf8 29. f4 Qe7 30. fxe5 Qxe5 31. Bd4 Qe7 32. Bxg7 { } 32... Nxg7 33. Qxh6 fxe4
34. Rxf8+ Kxf8 35. Nf4 Qf6 36. dxe4 Qb2+ 37. Kh1 Qc1+ 38. Kh2 Qb2+ 39. Bg2 Ke7
40. Nxg6+ Kd7 41. Qg5 Kc8 42. Qe7 1-0

[Event "Open Oberwart  2001"]
[Site "Oberwart (Burgenland/Austria)"]
[Date "2001.07.08"]
[Round "2"]
[White "Galavics, Hermann"]
[Black "Gleizerov, Evgeny"]
[Result "0-1"]
[WhiteElo "2116"]
[BlackElo "2587"]
[PlyCount "46"]
[EventDate "2001.07.08"]

1. d4 e6 2. Nf3 f5 3. g3 Nf6 4. Bg2 d5 5. O-O Bd6 6. b3 Qe7 7. Bb2 O-O 8. c4 c6
9. Nc3 Bd7 10. Rc1 Be8 11. Nd2 Nbd7 12. Qc2 Kh8 13. Rfe1 g5 14. f3 g4 15. cxd5
cxd5 16. Bf1 f4 17. e4 { } 17... fxg3 18. e5 gxh2+ 19. Kh1 Nh5 20. exd6 Ng3+
21. Kxh2 Qh4+ 22. Kg1 gxf3 23. Nxf3 Qh1+ 0-1

[Event "Open Oberwart  2001"]
[Site "Oberwart (Burgenland/Austria)"]
[Date "2001.07.08"]
[Round "2"]
[White "Ulibin, Mikhail"]
[Black "Herbst, Daniel"]
[Result "1-0"]
[WhiteElo "2583"]
[BlackElo "2118"]
[PlyCount "127"]
[EventDate "2001.07.08"]

1. Nc3 c5 2. e4 d6 3. Nge2 Nf6 4. d4 cxd4 5. Nxd4 a6 6. f4 g6 7. a4 Bg7 8. Nf3
O-O 9. Bd3 Nc6 10. O-O Bd7 11. Qe1 Qa5 12. Kh1 Rac8 13. Bd2 Qd8 14. Qh4 Ne8 15.
f5 e6 16. Bg5 f6 17. fxg6 hxg6 18. e5 { } 18... fxg5 19. Nxg5 Rf5 20. Qh7+ Kf8
21. Qxg6 Nxe5 22. Nxe6+ Bxe6 23. Qxe6 Rf6 24. Nd5 Qd7 25. Qxd7 Nxd7 26. Nxf6
Bxf6 27. Rae1 Ne5 28. Be4 a5 29. b3 b6 30. g4 Ke7 31. Re2 Ng7 32. Rg2 Ne6 33.
Bf5 Rg8 34. Bxe6 Kxe6 35. Rf4 Bg5 36. Rf1 Bf6 37. h3 Rh8 38. Kh2 Ng6 39. Re2+
Be5+ 40. Kg2 Nh4+ 41. Kg1 Ng6 42. Re3 Rh7 43. Rf5 Kd7 44. Ref3 Ke6 45. Rh5 Rxh5
46. gxh5 Nf4 47. h6 Kf6 48. Kf2 Kg6 49. h7 Kxh7 50. Ke3 Ne6 51. Rf7+ Kg6 52.
Rb7 Kf5 53. Kd2 Bd4 54. Rf7+ Kg6 55. Rd7 Be5 56. Rb7 Bd4 57. Kd3 Bc5 58. Kc4
Nd4 59. c3 Ne2 60. Rd7 { } 60... Nf4 61. b4 axb4 62. cxb4 d5+ 63. Rxd5 Bxb4 64.
Rd4 1-0

[Event "Open Oberwart  2001"]
[Site "Oberwart (Burgenland/Austria)"]
[Date "2001.07.08"]
[Round "2"]
[White "Palac, Mladen"]
[Black "Dietmayer-Kraeutler, Marco"]
[Result "1-0"]
[WhiteElo "2578"]
[BlackElo "2114"]
[PlyCount "47"]
[EventDate "2001.07.08"]

1. e4 d5 2. exd5 Qxd5 3. Nc3 Qa5 4. d4 Nf6 5. Bc4 c6 6. Nge2 Bg4 7. f3 Bh5 8.
g4 Bg6 9. h4 h6 10. Nf4 Bh7 11. Qe2 e6 12. Bd2 { } 12... Qb6 13. O-O-O Nbd7 14.
g5 Ng8 15. g6 Bxg6 16. Nxg6 fxg6 17. Qxe6+ Ne7 18. Ne4 O-O-O 19. Nd6+ Kb8 20.
Nf7 Rh7 21. Rhe1 Nf6 22. Qe5+ Kc8 23. Ba5 Nd7 24. Be6 1-0

[Event "Open Oberwart  2001"]
[Site "Oberwart (Burgenland/Austria)"]
[Date "2001.07.08"]
[Round "2"]
[White "Somogyi, Juergen"]
[Black "Ruck, Robert"]
[Result "0-1"]
[WhiteElo "2114"]
[BlackElo "2573"]
[PlyCount "79"]
[EventDate "2001.07.08"]

1. Nf3 c5 2. c4 Nf6 3. Nc3 d5 4. cxd5 Nxd5 5. e4 Nb4 6. a3 Nd3+ 7. Bxd3 Qxd3 8.
Qe2 Qd8 9. O-O Nc6 10. h3 e5 11. d3 Bd6 12. Bg5 f6 13. Bh4 O-O 14. Qc2 Be6 15.
Ne2 Qd7 16. Kh2 Rad8 17. Ne1 Qf7 18. Bg3 g5 19. f3 Bb3 20. Qc1 Rd7 21. Bf2 Rc8
22. Qc3 Nd4 23. Nc1 Be6 24. Qd2 Qh5 25. g4 Qe8 26. Kg2 c4 27. Rh1 h5 28. Nc2
Nxc2 29. Qxc2 Bf8 30. dxc4 Rxc4 31. Qe2 Qc8 32. Nd3 Rc2 33. Qe3 Bc4 34. Rad1
Bxd3 35. Rxd3 Bc5 36. Rc3 Bxe3 37. Rxc8+ Rxc8 38. Bxe3 Rc2+ 39. Bf2 Rdd2 40.
Rf1 {.} 0-1

[Event "Open Oberwart  2001"]
[Site "Oberwart (Burgenland/Austria)"]
[Date "2001.07.08"]
[Round "2"]
[White "Cvitan, Ognjen"]
[Black "Pappenheim, Rainer"]
[Result "1-0"]
[WhiteElo "2555"]
[BlackElo "2103"]
[PlyCount "97"]
[EventDate "2001.07.08"]

1. c4 Nf6 2. Nf3 e6 3. g3 b6 4. Bg2 Bb7 5. d4 d5 6. cxd5 exd5 7. Nc3 Be7 8.
Qa4+ Qd7 9. Qc2 Na6 10. Ne5 Qe6 11. Qa4+ c6 12. O-O O-O 13. Bg5 h6 14. Bd2 Nc7
15. Nd3 Bd6 16. Bf4 Bxf4 17. Nxf4 Qd6 18. Rad1 Ne6 19. Nxe6 Qxe6 20. Rfe1 Ne4
21. Nxe4 dxe4 22. e3 Rfe8 23. Rc1 Re7 24. Rc3 Qf5 25. Rec1 Qd5 26. Bf1 g6 27.
Ba6 Bxa6 28. Qxa6 Rc7 29. Qc4 Qf5 30. Qa4 Rac8 31. Rxc6 Rxc6 32. Rxc6 Rxc6 33.
Qxc6 Qf3 34. Qc2 Qf5 35. Qc7 Qa5 36. a3 Qe1+ 37. Kg2 Qe2 38. Qb8+ Kh7 39. Qf4
Kg7 40. Qe5+ Kh7 41. Qxe4 Qxb2 42. Qe7 Qb3 43. Qxa7 Qd5+ 44. Kg1 b5 45. Qc5 Qb3
46. Kg2 Kg7 47. Qe5+ Kg8 48. d5 Qxa3 49. d6 {.} 1-0

[Event "Open Oberwart  2001"]
[Site "Oberwart (Burgenland/Austria)"]
[Date "2001.07.08"]
[Round "2"]
[White "Nepveu, Manuel"]
[Black "Zelcic, Robert"]
[Result "0-1"]
[WhiteElo "2099"]
[BlackElo "2534"]
[PlyCount "148"]
[EventDate "2001.07.08"]

1. d4 Nf6 2. c4 e6 3. g3 c5 4. Nf3 cxd4 5. Nxd4 Bb4+ 6. Nc3 Ne4 7. Qd3 Bxc3+ 8.
bxc3 Nc5 9. Qc2 b6 10. Bg2 Bb7 11. Bxb7 Nxb7 12. Qe4 Nc6 13. Nxc6 dxc6 14.
Qxc6+ Qd7 15. Qxd7+ Kxd7 16. Ba3 Rhc8 17. Rd1+ Ke8 18. Rd4 Rc7 19. Kd2 Rac8 20.
Rb1 Rxc4 21. Rxc4 Rxc4 22. Rb4 Rc7 23. Rd4 f6 24. Rh4 h6 25. Rd4 Kf7 26. Kd3 h5
27. h4 Na5 28. Bd6 Rb7 29. f4 b5 30. Bc5 Nc4 31. Rd8 Rc7 32. Bd4 e5 33. fxe5
fxe5 34. Bf2 Ke6 35. Re8+ Kf5 36. Rf8+ Kg6 37. Rd8 Rf7 38. Bc5 Kf5 39. Rf8 Rxf8
40. Bxf8 g6 41. Bc5 a6 42. Bf2 Nd6 43. Ke3 Kg4 44. Be1 Nf5+ 45. Ke4 Nxg3+ 46.
Bxg3 Kxg3 47. Kxe5 Kxh4 48. Kf6 g5 49. e4 g4 50. e5 g3 51. e6 g2 52. e7 g1=Q
53. e8=Q Qg5+ 54. Kf7 Qf4+ 55. Kg6 Qg3+ 56. Kh6 Qd6+ 57. Kh7 Qd3+ 58. Kh6 Qd2+
59. Kh7 Qd3+ 60. Kh6 Qd6+ 61. Kh7 Kg5 62. Qe3+ Kf5 63. Qf3+ Ke6 64. Qh3+ Kd5
65. Qxh5+ Kc4 66. Qf7+ Kxc3 67. Qb3+ Kd4 68. Qb2+ Kd5 69. Qg2+ Kc4 70. Qc2+ Kb4
71. Qb3+ Ka5 72. a3 Qc7+ 73. Kh8 Qc4 74. Qd1 74... Qc3+ {.} 0-1

[Event "Open Oberwart  2001"]
[Site "Oberwart (Burgenland/Austria)"]
[Date "2001.07.08"]
[Round "2"]
[White "Stanka, Wolfgang"]
[Black "Lalic, Bogdan"]
[Result "0-1"]
[WhiteElo "2075"]
[BlackElo "2528"]
[PlyCount "42"]
[EventDate "2001.07.08"]

1. e4 e6 2. d4 d5 3. f3 c5 4. Be3 Nc6 5. c3 dxe4 6. fxe4 Nf6 7. e5 Nd5 8. Bf2
cxd4 9. cxd4 f6 10. Nf3 Bb4+ 11. Nbd2 O-O 12. Bc4 fxe5 13. dxe5 Rxf3 14. gxf3
Nxe5 15. Be2 Nf4 16. Bg3 Qd4 17. Bxf4 Qxf4 18. a3 Qe3 19. Qc2 Bxd2+ 20. Kd1 Bd7
21. Qxd2 21... Ba4+ {.} 0-1

[Event "Open Oberwart  2001"]
[Site "Oberwart (Burgenland/Austria)"]
[Date "2001.07.08"]
[Round "2"]
[White "Loginov, Valery"]
[Black "Lamberger, Werner"]
[Result "1-0"]
[WhiteElo "2507"]
[BlackElo "2074"]
[PlyCount "63"]
[EventDate "2001.07.08"]

1. Nf3 c5 2. g3 Nc6 3. d4 cxd4 4. Nxd4 g6 5. Bg2 Bg7 6. Nb3 Nf6 7. Nc3 O-O 8.
O-O d6 9. h3 h6 10. e4 a6 11. a4 e5 12. Be3 Be6 13. Qd2 Kh7 14. Rad1 Ne8 15.
Nd5 Bxd5 16. exd5 Ne7 17. Qb4 Qc7 18. c4 Nc8 19. a5 Bf6 20. Kh1 Kg7 21. f4 Rb8
22. fxe5 Bxe5 23. g4 b6 24. Qd2 bxa5 25. Nd4 Rh8 26. Nc6 Rxb2 27. Qc1 Rb3 28.
Rf3 Ne7 29. Nxe5 dxe5 30. c5 Qb8 31. Qc4 Qb4 32. Qxb3 {.} 1-0

[Event "Open Oberwart  2001"]
[Site "Oberwart (Burgenland/Austria)"]
[Date "2001.07.08"]
[Round "2"]
[White "Golubovic, Boris"]
[Black "Hofbauer, Peter"]
[Result "1-0"]
[WhiteElo "2465"]
[BlackElo "2071"]
[PlyCount "95"]
[EventDate "2001.07.08"]

1. d4 Nf6 2. c4 g6 3. Nf3 Bg7 4. g3 d6 5. Bg2 Nc6 6. Nc3 O-O 7. O-O e5 8. d5
Ne7 9. e4 Nh5 10. Ne1 f5 11. exf5 Nf6 12. fxg6 hxg6 13. Bg5 a6 14. Nd3 Qe8 15.
c5 Nf5 16. Bxf6 Bxf6 17. cxd6 cxd6 18. Ne4 Be7 19. Qd2 Nd4 20. f4 Bf5 21. fxe5
Bxe4 22. Bxe4 dxe5 23. Qh6 Nf5 24. Bxf5 gxf5 25. Qe6+ Qf7 26. Rxf5 Qxe6 27.
Rxf8+ Bxf8 28. dxe6 Re8 29. Re1 Bg7 30. Nc5 b6 31. Ne4 Rxe6 32. Rc1 Bh6 33. Rc7
Be3+ 34. Kg2 b5 35. h4 a5 36. Kf3 Bd4 37. b3 a4 38. Kg4 Bb6 39. Rd7 Rc6 40. Kf5
Rc2 41. Nf6+ Kf8 42. Kg6 Rc7 43. h5 e4 44. Rxc7 Bxc7 45. Nxe4 Ke7 46. g4 Be5
47. g5 Bh8 48. Kh7 {.} 1-0

[Event "Open Oberwart  2001"]
[Site "Oberwart (Burgenland/Austria)"]
[Date "2001.07.08"]
[Round "2"]
[White "Sepetavc, Walter"]
[Black "Rogulj, Branko"]
[Result "0-1"]
[WhiteElo "2059"]
[BlackElo "2460"]
[PlyCount "102"]
[EventDate "2001.07.08"]

1. e4 Nf6 2. e5 Nd5 3. d4 d6 4. Nf3 Bg4 5. Be2 c6 6. O-O Bxf3 7. Bxf3 dxe5 8.
dxe5 e6 9. Qe2 Nd7 10. c4 Ne7 11. Bf4 Ng6 12. Bg3 Qa5 13. Re1 Bb4 14. Nc3 Bxc3
15. bxc3 O-O 16. h4 Qxc3 17. Rab1 Nc5 18. Red1 Rad8 19. h5 Ne7 20. Bg4 Nf5 21.
Bxf5 exf5 22. h6 g6 23. Bh4 Rxd1+ 24. Rxd1 Re8 25. Bf6 a5 26. f3 Ne6 27. Qd3
Qxd3 28. Rxd3 Kf8 29. g3 Rb8 30. Rd6 Ke8 31. Kf2 a4 32. a3 Rc8 33. f4 Rc7 34.
Kf3 34... Rd7 { } 35. g4 Nd4+ 36. Kg3 fxg4 37. Kxg4 Rxd6 38. exd6 Nf5 39. c5
Nxh6+ 40. Kg5 Nf5 41. Bc3 h5 42. Be1 Nd4 43. Kf6 Nc2 44. Bf2 Nxa3 45. d7+ Kxd7
46. Kxf7 Nb5 47. Bh4 a3 48. Kxg6 a2 49. Bf6 h4 50. f5 h3 51. Be5 h2 0-1

[Event "Open Oberwart  2001"]
[Site "Oberwart (Burgenland/Austria)"]
[Date "2001.07.08"]
[Round "2"]
[White "Fercec, Nenad"]
[Black "Aschauer, Guenther"]
[Result "1-0"]
[WhiteElo "2456"]
[BlackElo "2052"]
[PlyCount "81"]
[EventDate "2001.07.08"]

1. e4 c5 2. Nf3 d6 3. d4 cxd4 4. Nxd4 Nf6 5. Nc3 a6 6. Be3 e6 7. f3 b5 8. g4
Bb7 9. Qd2 Nbd7 10. O-O-O Nb6 11. Qf2 Nfd7 12. Bd3 Rc8 13. Nce2 Nc4 14. Kb1 Be7
15. Bc1 Qa5 16. g5 d5 17. exd5 Bxd5 18. Nb3 Qc7 19. Nf4 Ba8 20. Rhg1 g6 21. h4
Nde5 22. Be2 Qb6 23. Qg3 a5 24. Nd3 Nd7 25. Qf2 Qxf2 26. Nxf2 Ndb6 27. Ng4 Rd8
28. Rxd8+ Kxd8 29. Nd4 b4 30. Nb5 Bc6 31. Rd1+ Ke8 32. Nc7+ Kf8 33. b3 Na3+ 34.
Kb2 h5 35. Ne5 Bb7 36. Be3 Nd5 37. Nd7+ Kg8 38. Nxd5 Bxd5 39. Bd4 Rh7 40. Nf6+
Bxf6 41. Bxf6 { } 1-0

[Event "Open Oberwart  2001"]
[Site "Oberwart (Burgenland/Austria)"]
[Date "2001.07.08"]
[Round "2"]
[White "Kupreichik, Viktor"]
[Black "Mayr, Thomas"]
[Result "1-0"]
[WhiteElo "2443"]
[BlackElo "2049"]
[PlyCount "71"]
[EventDate "2001.07.08"]

1. e4 e5 2. Nf3 Nc6 3. Bb5 f5 4. Nc3 fxe4 5. Nxe4 Nf6 6. Nxf6+ Qxf6 7. O-O Be7
8. Bxc6 dxc6 9. Qe1 O-O 10. d4 e4 11. Qxe4 Bf5 12. Qe2 Bg4 13. Qc4+ Be6 14. Qd3
Bf5 15. Qb3+ Kh8 16. Bg5 Qd6 17. Bxe7 Qxe7 18. Rae1 Qf6 19. Re3 b6 20. c3 a5
21. Qc4 Rad8 22. Rfe1 Bg4 23. h3 b5 24. Qc5 Bxf3 25. Rxf3 Qd6 26. Qxd6 cxd6 27.
Rxf8+ Rxf8 28. Re7 Rc8 29. b3 h6 30. Ra7 Re8 31. Kf1 b4 32. c4 Re4 33. d5 cxd5
34. cxd5 Rd4 35. Rxa5 Kh7 36. Ke2 {.} 1-0

[Event "Open Oberwart  2001"]
[Site "Oberwart (Burgenland/Austria)"]
[Date "2001.07.08"]
[Round "2"]
[White "Lendwai, Reinhard"]
[Black "Horvath, Peter"]
[Result "0-1"]
[WhiteElo "2380"]
[BlackElo "2441"]
[PlyCount "102"]
[EventDate "2001.07.08"]

1. e4 c5 2. Nf3 Nc6 3. Bb5 e6 4. Bxc6 bxc6 5. O-O Ne7 6. d3 Ng6 7. Ng5 f6 8.
Nh3 d5 9. Nc3 Bd6 10. f4 O-O 11. Kh1 Bc7 12. b3 Ba5 13. Na4 c4 14. Ba3 Re8 15.
Qf3 cxd3 16. cxd3 Ba6 17. Rfd1 Bb5 18. Nc5 Bc3 19. Nb7 Qb6 20. Rac1 Qxb7 21.
Rxc3 Qa6 22. Bc5 dxe4 23. Qxe4 Qxa2 24. d4 Qe2 25. Qxe2 Bxe2 26. Re1 Bb5 27.
Rce3 Kf7 28. g3 a5 29. Nf2 f5 30. Nh3 h6 31. Ng1 a4 32. bxa4 Rxa4 33. Nf3 Bc4
34. Kg1 Bd5 35. h4 Rb8 36. h5 Nf8 37. Ne5+ Kg8 38. g4 fxg4 39. Rg3 Ra2 40. Nxg4
Nd7 41. Nxh6+ Kh7 42. Nf7 Nxc5 43. dxc5 Rbb2 44. Ng5+ Kh8 45. Nf7+ Kg8 46. Ng5
Rh2 47. Nf3 Rxh5 48. Rb1 Bxf3 49. Rxf3 Rxc5 50. Re1 Kf7 51. Rd3 51... Rd5 {.}
0-1

[Event "Open Oberwart  2001"]
[Site "Oberwart (Burgenland/Austria)"]
[Date "2001.07.08"]
[Round "2"]
[White "Gagarin, Vasilij"]
[Black "Zaynard, Andreas"]
[Result "1/2-1/2"]
[WhiteElo "2431"]
[BlackElo "2045"]
[PlyCount "56"]
[EventDate "2001.07.08"]

1. d4 d6 2. Nf3 f5 3. g3 g6 4. Bg2 Bg7 5. O-O c6 6. c4 Nf6 7. b4 O-O 8. Bb2 Na6
9. a3 Nc7 10. Nbd2 Bd7 11. a4 Qe8 12. b5 c5 13. dxc5 dxc5 14. Qc2 Rd8 15. Ne5
Bc8 16. Nb3 Ne6 17. Na5 Nd4 18. Bxd4 Rxd4 19. e3 Rd6 20. Rad1 Ne4 21. f4 Qd8
22. Nb3 Qc7 23. Bxe4 fxe4 24. Qxe4 Bf5 25. Qg2 Bxe5 26. fxe5 Rxd1 27. Rxd1 b6
28. Qd5+ 28... Kh8 {.} 1/2-1/2

[Event "Open Oberwart  2001"]
[Site "Oberwart (Burgenland/Austria)"]
[Date "2001.07.08"]
[Round "2"]
[White "Mohsen, Khaled"]
[Black "Medvegy, Zoltan"]
[Result "0-1"]
[WhiteElo "2355"]
[BlackElo "2430"]
[PlyCount "60"]
[EventDate "2001.07.08"]

1. d4 Nf6 2. c4 e6 3. Nc3 Bb4 4. Qc2 O-O 5. a3 Bxc3+ 6. Qxc3 b6 7. Nf3 Ba6 8.
Bg5 d6 9. Qc2 c5 10. dxc5 bxc5 11. O-O-O Qe7 12. e3 Nbd7 13. Bd3 h6 14. h4 Bb7
15. Rh3 Ne5 16. Nxe5 dxe5 17. Bh7+ Kh8 18. g4 18... g6 { } 19. h5 hxg5 20. hxg6
Kg7 21. f4 Rh8 22. fxe5 Nxh7 23. gxh7 Rhf8 24. Qf2 Rad8 25. Rxd8 Rxd8 26. Rh5
Rh8 27. Qc2 Bf3 28. Qh2 Bxg4 29. Rh6 Bf5 30. e4 Bg6 0-1

[Event "Open Oberwart  2001"]
[Site "Oberwart (Burgenland/Austria)"]
[Date "2001.07.08"]
[Round "2"]
[White "Balinov, Ilia"]
[Black "Hofer, Felix"]
[Result "1-0"]
[WhiteElo "2425"]
[BlackElo "2038"]
[PlyCount "41"]
[EventDate "2001.07.08"]

1. e4 c6 2. d4 d5 3. Nc3 dxe4 4. Nxe4 Bf5 5. Ng3 Bg6 6. h4 h6 7. Nf3 Nd7 8. h5
Bh7 9. Bd3 Bxd3 10. Qxd3 Qc7 11. Rh4 e6 12. Bf4 Qb6 13. O-O-O O-O-O 14. Ne4
Ngf6 15. Nd6+ Bxd6 16. Bxd6 Rhe8 17. Qa3 Rg8 18. Ne5 Nxe5 19. dxe5 Nd5 20. c4 {
} 20... Nc7 21. c5 1-0

[Event "Open Oberwart  2001"]
[Site "Oberwart (Burgenland/Austria)"]
[Date "2001.07.08"]
[Round "2"]
[White "Dobrov, Vladimir"]
[Black "Angerer, Michael"]
[Result "1-0"]
[WhiteElo "2409"]
[BlackElo "2036"]
[PlyCount "49"]
[EventDate "2001.07.08"]

1. e4 e6 2. d4 d5 3. e5 c5 4. c3 Qb6 5. Nf3 Bd7 6. a3 c4 7. Nbd2 Nc6 8. g3 f6
9. exf6 Nxf6 10. Bg2 Bd6 11. O-O O-O 12. Qe2 e5 13. Nxe5 Nxe5 14. dxe5 Rae8 15.
Nf3 { } 15... Ng4 16. Bf4 Bf5 17. Qd2 Bc5 18. h3 Nxf2 19. Rxf2 Bxf2+ 20. Qxf2
Qxf2+ 21. Kxf2 Be4 22. h4 Re6 23. Ng5 Rb6 24. Bxe4 dxe4 25. Rb1 1-0

[Event "Open Oberwart  2001"]
[Site "Oberwart (Burgenland/Austria)"]
[Date "2001.07.08"]
[Round "2"]
[White "Csrnko, Werner"]
[Black "Weiss, Christian"]
[Result "0-1"]
[WhiteElo "2035"]
[BlackElo "2403"]
[PlyCount "40"]
[EventDate "2001.07.08"]

1. c4 g6 2. Nc3 Bg7 3. g3 e5 4. Bg2 Nc6 5. e3 Nge7 6. Nge2 O-O 7. O-O d6 8. d3
Be6 9. Rb1 d5 10. b3 Qd7 11. Ba3 Rfd8 12. Na4 b6 13. Rc1 Rac8 14. Qc2 Na5 15.
c5 Nac6 16. Nac3 Nf5 17. Rfd1 d4 18. e4 dxc3 19. exf5 Bxf5 20. Be4 20... Nd4 {.
} 0-1

[Event "Open Oberwart  2001"]
[Site "Oberwart (Burgenland/Austria)"]
[Date "2001.07.08"]
[Round "2"]
[White "Kovacs, Gabor"]
[Black "Cosic, Radoslav"]
[Result "1-0"]
[WhiteElo "2402"]
[BlackElo "2099"]
[PlyCount "131"]
[EventDate "2001.07.08"]

1. c4 b6 2. d4 e6 3. Nc3 Bb4 4. Qb3 Be7 5. e4 d6 6. d5 Nf6 7. Nf3 O-O 8. Be2
Re8 9. O-O Bf8 10. Qc2 h6 11. h3 a5 12. b3 Qe7 13. dxe6 Qxe6 14. Nd4 Qe5 15.
Ndb5 Na6 16. Bb2 Qe7 17. Bf3 Rb8 18. a3 c6 19. Nd4 Bd7 20. Rfe1 Qd8 21. Rad1
Qc7 22. Qb1 Rbd8 23. Bc1 Nc5 24. b4 axb4 25. axb4 Ne6 26. Nf5 Ng5 27. Bxg5 hxg5
28. Qc1 Nh7 29. Ne3 Re5 30. Bg4 Be8 31. Nf5 g6 32. Nd4 Nf6 33. Nf3 Nxg4 34.
hxg4 Re7 35. Qxg5 Bg7 36. Rd3 Re6 37. Qd2 Ra8 38. Nd4 Re5 39. Nde2 Bd7 40. f3
Ree8 41. Rc1 Be5 42. c5 bxc5 43. bxc5 Qa7 44. Nd1 Be6 45. f4 Bg7 46. f5 dxc5
47. Nf2 Bc8 48. fxg6 fxg6 49. Qg5 c4 50. Rf3 Be6 51. Qxg6 Re7 52. Ng3 Bf7 53.
Qg5 Re5 54. Nf5 Be8 55. Rxc4 Rb8 56. Rc1 Rbb5 57. Rh3 Re6 58. Rf1 Rbe5 59. Kh1
Rg6 60. Qh4 Rxf5 61. Qh7+ Kf8 62. exf5 Qa6 63. Re1 Rg5 64. f6 Bxf6 65. Rf3 c5
66. Qh8+ {.} 1-0

[Event "Open Oberwart  2001"]
[Site "Oberwart (Burgenland/Austria)"]
[Date "2001.07.08"]
[Round "2"]
[White "Dittmar, Peter"]
[Black "Danner, Georg"]
[Result "0-1"]
[WhiteElo "2348"]
[BlackElo "2421"]
[PlyCount "98"]
[EventDate "2001.07.08"]

1. b3 Nf6 2. Bb2 e6 3. g3 d5 4. Bg2 c5 5. Nf3 Nc6 6. O-O Be7 7. c4 d4 8. e3 e5
9. exd4 cxd4 10. d3 O-O 11. a3 a5 12. Re1 Qc7 13. Nbd2 Bf5 14. Qc2 Nd7 15. Ne4
Rfe8 16. h3 Bg6 17. g4 f5 18. gxf5 Bxf5 19. Ng3 Bg6 20. Nd2 Nd8 21. Nde4 Ne6
22. Bc1 Rf8 23. Qe2 Nf4 24. Bxf4 exf4 25. Nf1 Rf5 26. Nfd2 Raf8 27. Nf3 Bh5 28.
Ned2 Ne5 29. Qe4 Nc6 30. Kh1 Kh8 31. Rg1 Bc5 32. Qe1 Re8 33. Ne4 Bf8 34. Qd2
Qb6 35. Qb2 Bxf3 36. Bxf3 Ne5 37. Be2 Qh6 38. Kh2 f3 39. Bf1 39... Bd6 { } 40.
Qxd4 Ng4+ 41. Kh1 Rxe4 42. dxe4 Bc5 43. Qd8+ Rf8 44. Qxf8+ Bxf8 45. Rxg4 Qd2
46. c5 h5 47. Rg1 Qxf2 48. Rg5 g6 49. Rxg6 Bg7 0-1